000
00329nam a2200133Ia 4500
008
210210b2000 xxu||||| |||| 00| 0 eng d
082
_a
310/83
100
_a
JONES (D Caradog).
245
_a
Social surveys.
260
_a
London
_b
Hutchinson''s university library
_c
2000
300
_a
231
690
_a
Sociology
906
_a
001575
999
_c
77711
_d
77711